000 00605nam a2200241 a 4500
001 nice12345678
003 IN_TiNIC
005 20260116013154.0
008 050524s1985 newa grp 000 0 eng
020 _a0883444
_c612.5
082 0 0 _a261.8
_bHEN
100 _aHenriot, Peter J
245 _aCatholic Social Teaching
260 _aNew York
_bOrbis Books
_c1985
300 _a164p
500 _aincludes index and biblioraphy
505 2 _aBibliography
650 _aSocial-Problems-christianity
650 _aCatholicism-Social
902 _bSRS
942 _cBK
999 _c9968
_d9968